000 00862nab a2200253 u 4500
001 18795
003 HDC
007 cr bn ---aaaaa
008 210227b2009mmddmy d||noo|||| 00| 0 eng d
040 _aHDC
245 0 _aRI, New Zealand set to finalize bilateral FTA agreement
_c/ DagangHalal.com
260 _aMalaysia:
_bDagangAsia Network,
_c2009
300 _a1 online resource
336 _atext
_2rdacontent
337 _acomputer
_2rdamedia
338 _aonline resource
_2rdacarrier
650 _aTrade
_94755
651 _aIndonesia
_xForeign economic relations
_zNew Zealand
_917538
710 _aDagangHalal.com
856 _zRequest full-text at [email protected]
942 _2lcc
942 _cNEWS
942 _kNWSO 004067
999 _c16111
_d16111